| 000 | 00628nam a22002057a 4500 | ||
|---|---|---|---|
| 003 | OSt | ||
| 005 | 20250830023700.0 | ||
| 008 | 250830b |||||||| |||| 00| 0 eng d | ||
| 020 | _a13: 978-14018-3965-9. | ||
| 040 |
_aDWCL-Admin lib _cOC |
||
| 082 | _aCirc. 610.734 Iv93p 2008 | ||
| 100 | _aIvanov, Louise L. | ||
| 245 |
_aPublic health nursing, policy & practice/ _cLouise L. Ivanov |
||
| 260 |
_aUSA : _bDelmar Cengage Learning, _cc2008. |
||
| 300 |
_axxii, 791 p. : _bill. ; _c24 cm. |
||
| 504 | _aIncludes index. | ||
| 650 | _a1. Public health nursing. | ||
| 650 | _a2. Public health. | ||
| 942 |
_2ddc _cBK-CIRC _kCirc. _n0 |
||
| 999 |
_c4399 _d4399 |
||